000 02300cam a2200325 i 4500
999 _c16608
_d16608
001 21074844
005 20230209164925.0
006 m |o d |
007 cr |||||||||||
008 190711s2020 enk ob 001 0 eng
010 _a 2019028326
020 _a9780429422379
020 _z9781138392113
040 _aDLC
_beng
_cDLC
_erda
_dDLC
042 _apcc
050 0 0 _aJF331
082 0 0 _aDC 328.369
_22021
_bC631
245 0 0 _aCoalition government as a reflection of a nation's politics and society :
_ba comparative study of parliamentary parties and cabinets in 12 countries /
_cedited by Matt Evans.
260 _aLondon :
_bRoutledge ;
_c©2021.
300 _axiii, 292 pages :
_billustrations ;
_c23 cm.
490 0 _aRoutledge research in comparative politics
504 _aIncludes bibliographical references and index.
520 _a"Through examination of parliamentary governments in twelve countries, this book demonstrates the ways in which study of the parties in governing coalitions, and their parliamentary opposition, provides insight into numerous aspects of countries' cultural values, societal schisms, and the issues of greatest contention among its people. Each chapter analyses the political parties in a different country's parliament and illustrates how they represent the country's competing interests, social divisions, and public policy debates. Coalition and opposition parties are also shown to reflect each country's: political institutions, political actors, political culture, societal, geographic, and ideological rifts. In many of the countries, changes in the constellation of parties in government are emblematic of important political, social, and economic changes. This book will be essential reading for students of parliamentary government, political parties, electoral politics and, more broadly, to comparative politics"--
650 _aComparative politics.
_947853
700 1 _aEvans, Matt,
_d1963-
_eeditor.
_944248
776 0 8 _iPrint version:
_tCoalition government as a reflection of a nation's politics and society
_dLondon ; New York : Routledge, Taylor & Francis Group, 2020.
_z9781138392113
_w(DLC) 2019028325
906 _a7
_bcbc
_corignew
_d1
_eecip
_f20
_gy-gencatlg
942 _2ddc
_cDC